000 00489nam a2200181Ia 4500
001 16673
005 20260306170327.0
008 260306t2011||||xx |||||||||||||| ||und||
041 _aESP
082 _a349.1
_bF74
100 _aFonseca Tapia, César
_eAUT
245 0 _aManual de derecho romano:
_b(Comparación con el código civil, aforismo y problemas)
260 _c2011
300 _axxvi, 969 páginas :
_c23 cm.
650 _aGEN
654 _aCDE
942 _cLIB
_dJUS
_fJUS
_2ddc
_n
999 _c16673
_d16673